StarCraft II Zerg Units by Portrait - Statistics

General Stats
  • This quiz has been taken 11 times
  • The average score is 27 of 38
Answer Stats
Picture Answer % Correct
Baneling
100%
Drone
100%
Hydralisk | Primal Hydralisk
100%
Larva
100%
Overlord
100%
Overseer
100%
Queen
100%
Roach | Primal Roach
100%
Zergling
100%
Aberration
89%
Broodling
89%
Brood Lord
89%
Cocoon
89%
Corruptor
89%
Infested Terran | Infested Marine
89%
Lurker
89%
Mutalisk
89%
Ultralisk | Omegalisk | Pygalisk
89%
Infested Terran | Infested Colonist
78%
Infestor
78%
Leviathan
78%
Ravager
78%
Viper
78%
Primal Mutalisk
67%
Changeling
56%
Primal Zergling
56%
Swarm Host
56%
Brutalisk
44%
Hybrid Behemoth
44%
Hybrid Nemesis
44%
Primal Ultralisk
44%
Scourge
44%
Guardian
33%
Ravasaur
33%
Tyrannozor
33%
Hybrid Reaver
22%
Locust | Creeper
22%
Nydus Worm
22%
No matching quizzes found
Score Distribution
Percent of People with Each Score
Percentile by Number Answered
Your Score History
You have not taken this quiz